[Event "Hastings Masters 2016-17"]
[Site "Hastings ENG"]
[Date "2016.12.28"]
[Round "1.25"]
[White "Thogersen, Rasmus"]
[Black "Pickersgill, Adrian O"]
[Result "1/2-1/2"]
[WhiteElo "2161"]
[BlackElo "1985"]
[WhiteFideId "1431412"]
[BlackFideId "404519"]
[EventDate "2016.12.28"]

1. e4 d6 2. d4 Nf6 3. Nc3 c6 4. f4 Qa5 5. Bd3 e5 6. Nf3 Bg4 7. Be3 Nbd7 8. O-O
Be7 9. h3 Bh5 10. Qe1 Bxf3 11. Rxf3 O-O 12. a3 Qc7 13. Rd1 Nh5 14. Ne2 Rae8 15.
fxe5 dxe5 16. Rf5 exd4 17. Nxd4 Nhf6 18. e5 Nd5 19. e6 N7f6 20. Bg5 Qb6 21.
exf7+ Rxf7 22. Bxf6 Rxf6 23. Rxf6 Nxf6 24. Bc4+ Nd5 25. Qe6+ Kf8 26. Kh1 Bf6 27.
Qd6+ Kg8 28. Nf5 Qf2 29. Bxd5+ cxd5 30. Qxd5+ Kh8 31. Qd3 Re1+ 32. Rxe1 Qxe1+
33. Kh2 Be5+ 34. Ng3 h6 35. Qd8+ Kh7 36. Qd3+ Kh8 37. c3 Qf2 38. Qd8+ Kh7 39.
Qd3+ Kh8 40. b4 Qf4 41. Qg6 Bxc3 42. Qe8+ Kh7 43. Qe4+ 1/2-1/2

[Event "Hastings Masters 2016-17"]
[Site "Hastings ENG"]
[Date "2016.12.28"]
[Round "1.26"]
[White "Boardman, Jeffrey"]
[Black "Kalaiyalahan, Akshaya"]
[Result "1-0"]
[BlackTitle "FM"]
[WhiteElo "1984"]
[BlackElo "2160"]
[WhiteFideId "4301382"]
[BlackFideId "422894"]
[EventDate "2016.12.28"]

1. e4 c5 2. Nc3 e6 3. Nge2 Nc6 4. g3 Nf6 5. f4 d5 6. e5 Nd7 7. d4 cxd4 8. Nxd4
Nxd4 9. Qxd4 Bc5 10. Qd1 a6 11. Qg4 O-O 12. Bd2 b5 13. Bd3 Bb7 14. O-O-O b4 15.
Ne2 a5 16. Ng1 Ba6 17. Bxh7+ Kxh7 18. Nf3 Be7 19. h4 Rh8 20. f5 Nf8 21. Ng5+ Kg8
22. fxe6 fxe6 23. Nxe6 Nxe6 24. Qxe6+ Kh7 25. Bg5 Re8 26. Rxd5 Qc8 27. Qf7 Bb7
28. Bf6 Bxf6 29. exf6 Qg4 30. Rh5+ 1-0

[Event "Hastings Masters 2016-17"]
[Site "Hastings ENG"]
[Date "2016.12.28"]
[Round "1.27"]
[White "Gaudeau, Valentin"]
[Black "Spanton, Tim R"]
[Result "1/2-1/2"]
[WhiteElo "2182"]
[BlackElo "1976"]
[WhiteFideId "662216"]
[BlackFideId "404802"]
[EventDate "2016.12.28"]

1. d4 d5 2. c4 e6 3. Nf3 Nf6 4. g3 c5 5. cxd5 cxd4 6. dxe6 Bxe6 7. Qxd4 Nc6 8.
Qa4 Bc5 9. Bg2 O-O 10. O-O Qb6 11. Nc3 Rfe8 12. Ng5 Bd7 13. Qf4 h6 14. Nge4 Nxe4
15. Bxe4 Nd4 16. Bd5 Be6 17. e4 Bxd5 18. Nxd5 Ne2+ 19. Kh1 Nxf4 20. Nxb6 Bxb6
21. Bxf4 Rxe4 22. Rad1 Re2 23. Rd2 Rae8 24. Kg2 Ba5 25. Rxe2 Rxe2 26. Bc1 Kf8 1/2-1/2

[Event "Hastings Masters 2016-17"]
[Site "Hastings ENG"]
[Date "2016.12.28"]
[Round "1.28"]
[White "Larsen, Andreas"]
[Black "Anderson, John"]
[Result "1/2-1/2"]
[WhiteElo "1976"]
[BlackElo "2156"]
[WhiteFideId "1504843"]
[BlackFideId "405353"]
[EventDate "2016.12.28"]

1. e4 e5 2. f4 exf4 3. Nf3 g5 4. Bc4 Bg7 5. O-O d6 6. d4 Nc6 7. c3 h6 8. Qb3 Qd7
9. Qc2 Nge7 10. Na3 O-O 11. Qf2 Kh8 12. h4 g4 13. Ne1 f3 14. gxf3 gxf3 15. Qxf3
f5 16. Qh5 Ng8 17. Ng2 Nf6 18. Qxf5 Qe8 19. Qf2 Nxe4 20. Qe2 Rxf1+ 21. Qxf1 Qg6
22. Qf7 Qxf7 23. Bxf7 Bd7 24. Be3 Rf8 25. Rf1 Ng3 26. Rf3 Nf5 27. Bh5 Nxe3 28.
Rxe3 Nxd4 29. Re7 Bc6 30. Rxg7 Kxg7 31. cxd4 Bxg2 32. Kxg2 Rf4 33. Nc2 Rxh4 34.
Bf3 Rf4 35. Bxb7 Kf6 36. a4 a5 37. Bc6 Ke6 38. Kg3 Rf1 39. b4 axb4 40. Nxb4 Rb1
41. Nd5 Rc1 42. Nxc7+ Kf5 43. d5 Ra1 44. Ne6 Ke4 45. Nd8 Ra3+ 46. Kg4 Ra1 47.
Nf7 Rg1+ 48. Kh5 Rh1+ 49. Kg6 h5 50. Nxd6+ Kd4 51. Nf5+ Kc5 52. Kg5 h4 53. Nxh4
Ra1 54. Nf5 Rxa4 55. Bxa4 Kxd5 56. Kf4 Ke6 57. Bc2 Kd5 58. Ne3+ Kd4 59. Be4 Kc3
60. Ke5 Kb4 61. Kd4 Kb3 62. Nc4 Ka2 63. Kc3 Ka1 64. Nd2 Ka2 65. Bg6 Ka1 66. Nb3+
Ka2 67. Bf5 Ka3 68. Bb1 Ka4 69. Nd4 Ka5 70. Ne6 Ka4 71. Be4 Ka3 72. Bd5 Ka4 73.
Nc7 Ka5 74. Kc4 Kb6 75. Ne6 Ka5 76. Kc5 Ka4 77. Nf4 Ka3 78. Nd3 Ka4 79. Kc4 Ka3
80. Kc3 Ka4 81. Ne5 Ka3 1/2-1/2

[Event "Hastings Masters 2016-17"]
[Site "Hastings ENG"]
[Date "2016.12.28"]
[Round "1.29"]
[White "Byron, Alan M"]
[Black "Vangsgaard, Freja"]
[Result "1/2-1/2"]
[BlackTitle "WFM"]
[WhiteElo "2131"]
[BlackElo "1975"]
[WhiteFideId "401773"]
[BlackFideId "1436589"]
[EventDate "2016.12.28"]

1. e4 c6 2. d4 d5 3. e5 Bf5 4. Nf3 e6 5. Be2 c5 6. Be3 cxd4 7. Nxd4 Ne7 8. c4
Nbc6 9. Qa4 a6 10. Na3 Qa5+ 11. Qxa5 Nxa5 12. cxd5 Nxd5 13. Bd2 Nc6 14. Nxc6
bxc6 15. O-O Bxa3 16. bxa3 Kd7 17. Bc4 Nb6 18. Bb3 Be4 19. Be3 Rab8 20. Rfd1+
Bd5 21. Rac1 Rhc8 22. Bc5 Rb7 23. Rb1 Rcb8 24. Bd6 Rc8 25. h3 Ra8 26. Bc5 1/2-1/2

[Event "Hastings Masters 2016-17"]
[Site "Hastings ENG"]
[Date "2016.12.28"]
[Round "1.30"]
[White "Batchelor, Paul A"]
[Black "Foo, William J"]
[Result "0-1"]
[WhiteElo "1965"]
[BlackElo "2145"]
[WhiteFideId "404225"]
[BlackFideId "419753"]
[EventDate "2016.12.28"]

1. d4 d5 2. Bf4 Nf6 3. e3 c5 4. c3 Nc6 5. Nd2 e6 6. Ngf3 Be7 7. h3 Qb6 8. Rb1
Bd7 9. Bd3 Rc8 10. O-O O-O 11. Bh2 Rfd8 12. Qe2 a6 13. Ne5 Nxe5 14. Bxe5 Bc6 15.
Rfd1 Nd7 16. Bh2 Bf6 17. f4 Bb5 18. Bxb5 axb5 19. Nf3 b4 20. Bg3 Qa5 21. cxb4
cxb4 22. Be1 Qxa2 23. Bxb4 Qa4 24. Bc3 Ra8 25. b3 Qc6 26. Qb2 Be7 27. Ne5 Nxe5
28. fxe5 Rdc8 29. Be1 Bg5 30. Bd2 Qb5 31. Kf2 f6 32. Ra1 fxe5 33. Rxa8 Rxa8 34.
dxe5 Rf8+ 35. Kg1 Qe2 36. Qc1 Rf2 37. Qc8+ Kf7 38. Qd7+ Be7 0-1

[Event "Hastings Masters 2016-17"]
[Site "Hastings ENG"]
[Date "2016.12.28"]
[Round "1.31"]
[White "Britton, Richard L"]
[Black "Sikkel, Dirk"]
[Result "1-0"]
[WhiteTitle "FM"]
[WhiteElo "2139"]
[BlackElo "1956"]
[WhiteFideId "401692"]
[BlackFideId "1050079"]
[EventDate "2016.12.28"]

1. e4 g6 2. d4 Bg7 3. Nc3 d6 4. Be3 a6 5. Qd2 b5 6. O-O-O Nf6 7. f3 c6 8. h4 h5
9. Nh3 Bxh3 10. Rxh3 Nbd7 11. Be2 Nb6 12. Rhh1 b4 13. Nb1 a5 14. c4 bxc3 15.
Nxc3 d5 16. e5 Nfd7 17. g4 e6 18. gxh5 Rxh5 19. Bg5 Qb8 20. f4 Nc4 21. Bxc4 dxc4
22. Ne4 Bf8 23. Ng3 Rh8 24. h5 Rg8 25. hxg6 Rxg6 26. Rh8 Qb4 27. Ne4 Rxg5 28.
fxg5 O-O-O 29. Qxb4 axb4 30. Rf1 1-0

[Event "Hastings Masters 2016-17"]
[Site "Hastings ENG"]
[Date "2016.12.28"]
[Round "1.32"]
[White "Miller, Dominic"]
[Black "Flear, Christine"]
[Result "1/2-1/2"]
[BlackTitle "WIM"]
[WhiteElo "1954"]
[BlackElo "2125"]
[WhiteFideId "438065"]
[BlackFideId "602604"]
[EventDate "2016.12.28"]

1. e4 c5 2. Nf3 e6 3. d4 cxd4 4. Nxd4 a6 5. Bd3 g6 6. Nc3 Bg7 7. Be3 Ne7 8. Qe2
Nbc6 9. Nxc6 bxc6 10. O-O O-O 11. Rad1 Qa5 12. Qd2 Qb4 13. Rb1 d5 14. a3 Qd6 15.
Bb6 f5 16. exf5 Nxf5 17. Bxf5 Rxf5 18. Na4 Qf4 19. Qxf4 Rxf4 20. b3 Rf7 21. Bc5
e5 22. Nb6 Rb8 23. Nxc8 Rxc8 24. f3 d4 25. Rfe1 Rd8 26. Rbd1 Rd5 27. b4 Rfd7 28.
Rd3 Kf7 29. Re4 1/2-1/2

[Event "Hastings Masters 2016-17"]
[Site "Hastings ENG"]
[Date "2016.12.28"]
[Round "1.33"]
[White "Burrows, Martin P"]
[Black "Young, Mel J"]
[Result "1-0"]
[WhiteElo "2124"]
[BlackElo "1892"]
[WhiteFideId "409057"]
[BlackFideId "410357"]
[EventDate "2016.12.28"]

1. e4 c5 2. Nf3 d6 3. Bb5+ Nc6 4. Bxc6+ bxc6 5. O-O e5 6. c3 g5 7. d4 g4 8. Nfd2
cxd4 9. cxd4 exd4 10. Re1 Bg7 11. Nc4 Be6 12. Nba3 Be5 13. Bd2 Ne7 14. Rc1 Ng6
15. Nxe5 Nxe5 16. Bf4 Qf6 17. Bxe5 dxe5 18. Rxc6 O-O 19. Qd2 Rac8 20. Rec1 Rxc6
21. Rxc6 Rc8 22. Rxc8+ Bxc8 23. Nc4 Bb7 24. f3 Ba6 25. b3 gxf3 26. gxf3 Qxf3 27.
Qg5+ Kf8 28. Qh6+ Kg8 29. Qxa6 Qg4+ 30. Kf2 Qf4+ 31. Ke1 Qxe4+ 32. Kd2 Qg2+ 33.
Kc1 d3 34. Nd2 Qg1+ 35. Kb2 Qd4+ 36. Ka3 e4 37. Qc8+ 1-0

[Event "Hastings Masters 2016-17"]
[Site "Hastings ENG"]
[Date "2016.12.28"]
[Round "1.34"]
[White "Ruane, Brendan J"]
[Black "Trevelyan, John"]
[Result "0-1"]
[WhiteElo "1867"]
[BlackElo "2082"]
[WhiteFideId "430218"]
[BlackFideId "1800922"]
[EventDate "2016.12.28"]

1. e4 d6 2. d4 e5 3. Nf3 Nc6 4. d5 Nce7 5. Nc3 g6 6. Bb5+ Bd7 7. a4 f6 8. O-O
Bh6 9. Be3 Kf7 10. Bxd7 Qxd7 11. Qd2 Kg7 12. Ne1 Bxe3 13. fxe3 Nh6 14. Nd3 a6
15. a5 Raf8 16. Rf3 Rhg8 17. Raf1 g5 18. Qf2 Ng4 19. Qg3 Ng6 20. Nf2 Nxf2 21.
Qxf2 Qe7 22. Ne2 Nh4 23. Rh3 f5 24. Qg3 Kh8 25. exf5 Nxf5 26. Qg4 Nh6 27. Qh5
Rxf1+ 28. Kxf1 g4 29. Rg3 Nf5 30. Qxf5 Rf8 31. Qxf8+ Qxf8+ 32. Ke1 Qf5 33. Kd2
e4 34. Nf4 h5 35. h3 Kh7 36. c4 Kh6 37. b4 c6 38. Ke2 Kg5 39. Nxh5 cxd5 40. Ng7
Qe5 41. Rxg4+ Kh6 42. cxd5 Qxd5 43. h4 Qd3+ 44. Kf2 Qd2+ 45. Kg3 Qxe3+ 46. Kh2
Qf2 47. Ne6 e3 48. Rf4 Qb2 49. Nd4 e2 50. Re4 e1=Q 51. Nf5+ Kg6 52. Ne7+ Kf7 53.
Rxe1 Qxb4 54. Re3 Qxa5 55. Nc8 d5 56. Nd6+ Kf6 57. Kh3 Qc5 58. Rf3+ Kg6 59. Nf5
a5 60. g4 Qb4 61. h5+ Kg5 62. Ne3 d4 63. Nd5 Qe1 64. Rf5+ Kh6 65. g5+ Kg7 66.
Nf4 d3 67. h6+ Kg8 68. Nxd3 Qe3+ 69. Kg4 Qxd3 70. g6 Qe2+ 71. Kg5 Qe3+ 72. Kh5
Qe2+ 73. Kg5 Qe7+ 74. Kh5 a4 75. h7+ Kh8 76. Kh6 Qh4+ 77. Rh5 Qxh5+ 0-1

[Event "Hastings Masters 2016-17"]
[Site "Hastings ENG"]
[Date "2016.12.28"]
[Round "1.35"]
[White "White, Stuart A"]
[Black "Marzano, Carlo"]
[Result "0-1"]
[WhiteElo "1999"]
[BlackElo "2186"]
[WhiteFideId "407747"]
[BlackFideId "802980"]
[EventDate "2016.12.28"]

1. d4 d5 2. c4 dxc4 3. e3 Nf6 4. Bxc4 e6 5. Nf3 a6 6. O-O b5 7. Bb3 Bb7 8. a4 b4
9. Nbd2 Nbd7 10. Qe2 c5 11. Nc4 Be7 12. Rd1 Qc7 13. Nce5 Nxe5 14. Nxe5 O-O 15.
Bd2 Rac8 16. Rac1 Qb8 17. Nd3 cxd4 18. exd4 Rxc1 19. Rxc1 Qa8 20. f3 Bd5 21. Bc2
a5 22. Ne5 Rd8 23. Qf2 Nd7 24. Ng4 Qa7 25. Be3 f5 26. Ne5 Rc8 27. b3 Nxe5 28.
dxe5 Qxe3 29. Qxe3 Bc5 30. Kf2 Bxe3+ 31. Kxe3 Bxb3 32. Bxb3 Rxc1 33. Bxe6+ Kf8
34. Bxf5 b3 0-1

[Event "Hastings Masters 2016-17"]
[Site "Hastings ENG"]
[Date "2016.12.28"]
[Round "1.36"]
[White "Reher, Wolfgang"]
[Black "Rayner, Francis"]
[Result "0-1"]
[WhiteElo "1832"]
[BlackElo "2080"]
[WhiteFideId "12939951"]
[BlackFideId "1800132"]
[EventDate "2016.12.28"]

1. f4 g6 2. Nf3 Bg7 3. e4 c5 4. g3 Nc6 5. Bg2 d6 6. O-O Rb8 7. c3 c4 8. b3 Nf6
9. Re1 Qb6+ 10. d4 cxd3+ 11. Be3 Qa6 12. e5 dxe5 13. Nxe5 Nxe5 14. fxe5 Ng4 15.
Bd4 h5 16. Be4 Bxe5 17. Nd2 Bxd4+ 18. cxd4 Qd6 19. Nf3 h4 20. Kg2 hxg3 21. hxg3
Nf6 22. Ng5 Nxe4 23. Rxe4 Qd5 0-1

[Event "Hastings Masters 2016-17"]
[Site "Hastings ENG"]
[Date "2016.12.28"]
[Round "1.37"]
[White "Sugden, John N"]
[Black "Press, Harry"]
[Result "1/2-1/2"]
[WhiteElo "2071"]
[BlackElo "1826"]
[WhiteFideId "402001"]
[BlackFideId "3215539"]
[EventDate "2016.12.28"]

1. e4 c5 2. Nc3 Nc6 3. g3 g6 4. Bg2 Bg7 5. d3 d6 6. f4 e6 7. Nf3 Nge7 8. O-O O-O
9. Bd2 Rb8 10. Rb1 b5 11. a3 Nd4 12. Nxd4 cxd4 13. Ne2 Qb6 14. Kh1 Nc6 15. g4 f5
16. gxf5 exf5 17. Ng3 Ne7 18. c3 Bb7 19. cxd4 Bxd4 20. Qb3+ Kh8 21. Bc3 Rbc8 22.
Rbc1 Bxc3 23. Rxc3 d5 24. Qb4 Nc6 25. Qc5 Qxc5 26. Rxc5 dxe4 27. dxe4 fxe4 28.
Bxe4 Nd4 29. Rxc8 Bxc8 30. Rd1 Ne6 31. f5 Ng5 32. Bc6 gxf5 1/2-1/2

[Event "Hastings Masters 2016-17"]
[Site "Hastings ENG"]
[Date "2016.12.28"]
[Round "1.38"]
[White "Dennis, Nigel W"]
[Black "Boino, Claudio"]
[Result "0-1"]
[WhiteElo "1818"]
[BlackElo "2066"]
[WhiteFideId "408913"]
[BlackFideId "1901133"]
[EventDate "2016.12.28"]

1. e4 e5 2. Nf3 Nc6 3. Bb5 a6 4. Ba4 Nf6 5. O-O Be7 6. Re1 b5 7. Bb3 d6 8. c3
O-O 9. h3 Nb8 10. d4 Nbd7 11. Nbd2 Bb7 12. Bc2 Re8 13. Nf1 Bf8 14. Ng3 g6 15.
Bg5 h6 16. Bxf6 Qxf6 17. Qd2 Bg7 18. Rad1 Rad8 19. a4 Nb6 20. axb5 axb5 21. b3
Ra8 22. Ra1 exd4 23. cxd4 c5 24. Rxa8 Rxa8 25. dxc5 dxc5 26. Rd1 Ra1 27. Rxa1
Qxa1+ 28. Kh2 Qf6 29. e5 Qe7 30. Be4 Bxe4 31. Nxe4 Bxe5+ 32. Kg1 Bg7 33. Nc3 c4
34. bxc4 bxc4 35. Kf1 Kh7 36. Nd4 Qd6 37. Ncb5 Qc5 38. Qc3 Nd5 39. Qd2 c3 40.
Qd3 Nb4 41. Qe3 c2 42. Kg1 0-1

[Event "Hastings Masters 2016-17"]
[Site "Hastings ENG"]
[Date "2016.12.28"]
[Round "1.39"]
[White "Willson, Ollie"]
[Black "Forster, Matthew"]
[Result "1/2-1/2"]
[WhiteElo "2060"]
[BlackElo "1813"]
[WhiteFideId "424714"]
[BlackFideId "437123"]
[EventDate "2016.12.28"]

1. d4 d5 2. c4 dxc4 3. Nf3 c6 4. e3 b5 5. a4 Nf6 6. axb5 cxb5 7. b3 e6 8. bxc4
Bb4+ 9. Bd2 Bxd2+ 10. Nbxd2 bxc4 11. Bxc4 O-O 12. O-O Nbd7 13. Qe2 Nb6 14. Bb5
Bb7 15. Rfc1 Qd6 16. Ne5 Rfc8 17. Ndf3 h6 18. Qb2 Rxc1+ 19. Rxc1 Rb8 20. Nc6 Nc4
21. Bxc4 Bxc6 22. Qa1 Ng4 23. Ne5 Nxe5 24. dxe5 Qe7 25. Bd3 Bb5 26. Rb1 Qd7 27.
Qa3 Rd8 28. Bxb5 Qxb5 29. Qa1 Qd5 1/2-1/2

[Event "Hastings Masters 2016-17"]
[Site "Hastings ENG"]
[Date "2016.12.28"]
[Round "1.40"]
[White "Wilson, Matthew R"]
[Black "Roggensack, Hans Peter"]
[Result "1-0"]
[WhiteElo "1791"]
[BlackElo "2055"]
[WhiteFideId "423459"]
[BlackFideId "12904767"]
[EventDate "2016.12.28"]

1. e4 c6 2. d4 d5 3. exd5 cxd5 4. Bd3 Nc6 5. c3 Qc7 6. Ne2 e5 7. dxe5 Nxe5 8.
Bb5+ Bd7 9. Bxd7+ Qxd7 10. O-O Nf6 11. Re1 Be7 12. Nd4 Neg4 13. Qd3 O-O 14. Nf5
Bc5 15. Be3 Rfe8 16. Nd2 Ne4 17. Qc2 Bxe3 18. Rxe3 Ng5 19. Rxe8+ Rxe8 20. Nd4
Ne4 21. Re1 Nxd2 22. Qxd2 Qd6 23. Nf3 Nf6 24. Rd1 Qa6 25. Re1 Rxe1+ 26. Nxe1
Qxa2 27. Qf4 h6 28. Qb8+ Kh7 29. Qxb7 a5 30. Qb5 a4 31. h3 Qa1 32. Qe2 g6 33.
Kh2 a3 34. bxa3 Qxc3 35. Qe3 Qc6 36. Nf3 Ne4 37. g3 Qc4 38. Qa7 Nd6 39. Kg2 Kg7
40. Qd4+ Qxd4 41. Nxd4 Kf6 42. Kf3 Nc4 43. a4 Ke5 44. Nb3 d4 45. a5 Kd5 46. Ke2
Ne5 47. Kd2 Kc4 48. a6 1-0

[Event "Hastings Masters 2016-17"]
[Site "Hastings ENG"]
[Date "2016.12.28"]
[Round "1.41"]
[White "Punnett, Alan K"]
[Black "Kearsley, Raymond J"]
[Result "1-0"]
[WhiteElo "2047"]
[BlackElo "1718"]
[WhiteFideId "405400"]
[BlackFideId "470562"]
[EventDate "2016.12.28"]

1. d4 d5 2. c4 e5 3. dxe5 d4 4. Nf3 Nc6 5. g3 Nge7 6. Bg2 Ng6 7. O-O Ngxe5 8.
Qb3 Bd7 9. Nxe5 Nxe5 10. Qxb7 Rb8 11. Qe4 Qe7 12. Qxd4 c5 13. Qc3 Qe6 14. Bd5
Qf6 15. f4 Ng4 16. h3 Qxc3 17. Nxc3 Nf6 18. Bg2 Rb4 19. b3 Be7 20. Bb2 O-O 21.
Rad1 Rc8 22. e4 Be6 23. e5 1-0

[Event "Hastings Masters 2016-17"]
[Site "Hastings ENG"]
[Date "2016.12.28"]
[Round "1.42"]
[White "Warnke, Klaus"]
[Black "Krueger, Norbert"]
[Result "1/2-1/2"]
[WhiteElo "1695"]
[BlackElo "2046"]
[WhiteFideId "4661397"]
[BlackFideId "4633245"]
[EventDate "2016.12.28"]

1. c4 e6 2. Nf3 d5 3. d4 Nf6 4. Nc3 Nbd7 5. cxd5 exd5 6. Bg5 h6 7. Bh4 Be7 8. e3
O-O 9. Bd3 c6 10. O-O Re8 11. Rc1 Ne4 12. Bxe7 Qxe7 13. Nd2 Ndf6 14. h3 Bf5 15.
Nf3 g6 16. Ne5 Kg7 17. Ne2 a5 18. a3 Nh7 19. Ng3 f6 20. Nxf5+ gxf5 21. Nf3 Nhg5
22. Nh4 Kh7 23. Qh5 Qf7 24. Qxf7+ Nxf7 25. Nxf5 Kh8 26. Rfe1 Rf8 27. f3 Ng3 28.
Kh2 Nxf5 29. Bxf5 Nd6 30. Bd3 f5 31. Rc2 h5 32. Rce2 Rf6 33. e4 dxe4 34. fxe4
fxe4 35. Bxe4 Nxe4 36. Rxe4 Raf8 37. R1e2 1/2-1/2

[Event "Hastings Masters 2016-17"]
[Site "Hastings ENG"]
[Date "2016.12.28"]
[Round "1.43"]
[White "Norton, Craig"]
[Black "Gunn, Michael J"]
[Result "1-0"]
[WhiteElo "2033"]
[BlackElo "1671"]
[WhiteFideId "411590"]
[BlackFideId "409030"]
[EventDate "2016.12.28"]

1. d4 Nf6 2. Nf3 g6 3. Nc3 Bg7 4. e4 d6 5. Be3 O-O 6. Qd2 Re8 7. O-O-O c6 8. Bh6
b5 9. Bxg7 Kxg7 10. Bd3 b4 11. Ne2 a5 12. h4 h5 13. Ng5 Ba6 14. Kb1 Qb6 15. f3
c5 16. Bxa6 Nxa6 17. e5 dxe5 18. dxe5 Nh7 19. g4 Rad8 20. Qf4 f6 21. Nxh7 Kxh7
22. gxh5 f5 23. hxg6+ Qxg6 24. Rdg1 Qh6 25. Qxf5+ Kh8 26. Rg6 1-0

[Event "Hastings Masters 2016-17"]
[Site "Hastings ENG"]
[Date "2016.12.28"]
[Round "1.44"]
[White "Macrae, James S"]
[Black "Raddatz, Michael"]
[Result "0-1"]
[WhiteElo "1642"]
[BlackElo "2028"]
[WhiteFideId "2401797"]
[BlackFideId "4613252"]
[EventDate "2016.12.28"]

1. f4 Nf6 2. Nf3 g6 3. c4 Bg7 4. d3 O-O 5. e4 d6 6. Be2 Nc6 7. O-O a5 8. Nc3 b6
9. Rb1 Bb7 10. a3 Qd7 11. Qc2 Ng4 12. Bd2 Nd4 13. Qd1 Nxf3+ 14. gxf3 Bd4+ 15.
Kg2 Ne3+ 16. Bxe3 Bxe3 17. Kg3 Bc8 18. f5 gxf5 19. Rh1 f4+ 20. Kh4 Qh3+ 0-1

[Event "Hastings Masters 2016-17"]
[Site "Hastings ENG"]
[Date "2016.12.28"]
[Round "1.45"]
[White "Dilleigh, Stephen P"]
[Black "Witt, Holger"]
[Result "1-0"]
[WhiteElo "2038"]
[BlackElo "1628"]
[WhiteFideId "408379"]
[BlackFideId "24678139"]
[EventDate "2016.12.28"]

1. Nf3 d5 2. d4 c6 3. c4 Nf6 4. Nc3 a6 5. e3 Bg4 6. Qb3 b5 7. cxd5 cxd5 8. Ne5
Bf5 9. a4 b4 10. Qxb4 e6 11. Qb7 Nbd7 12. Nc6 Qc8 13. Bxa6 Bd6 14. Qxc8+ Rxc8
15. Bxc8 O-O 16. Ba6 Ra8 17. Bb7 Rf8 18. a5 Bd3 19. a6 Nb6 20. a7 Na8 21. b3 Ne4
22. Nxe4 dxe4 23. Ba3 Bxa3 24. Rxa3 g6 25. Kd2 f5 26. f4 g5 27. Rc1 Kg7 28. Ne5 1-0

[Event "Hastings Masters 2016-17"]
[Site "Hastings ENG"]
[Date "2016.12.28"]
[Round "1.46"]
[White "Dean, Michael J"]
[Black "Rice, Chris B"]
[Result "0-1"]
[WhiteElo "1515"]
[BlackElo "2002"]
[WhiteFideId "416100"]
[BlackFideId "404446"]
[EventDate "2016.12.28"]

1. e4 a6 2. f4 e6 3. Nf3 d5 4. exd5 exd5 5. d4 Nf6 6. Be2 Bd6 7. O-O O-O 8. Ne5
c5 9. c3 Nc6 10. Be3 Qe7 11. Nd2 Re8 12. Bf2 Bf5 13. Bf3 cxd4 14. cxd4 Bb4 15.
a3 Bxd2 16. Qxd2 Ne4 17. Bxe4 Bxe4 18. b4 Rac8 19. Rac1 Qe6 20. Qe3 f6 21. Nxc6
bxc6 22. Rfe1 Rb8 23. Rc5 Rb5 24. Rec1 Rxc5 25. Rxc5 Qg4 26. Bg3 Qd1+ 27. Be1
Bg6 28. Rc1 Qa4 29. Qc3 Re2 30. Qxc6 Rxe1+ 31. Kf2 Qxc6 32. Rxc6 Re4 33. Rxa6
Rxf4+ 34. Kg3 Rxd4 35. Ra8+ Kf7 36. Ra7+ Ke6 37. b5 Rd3+ 38. Kf4 Rb3 39. Ra6+
Kd7 40. a4 Kc7 41. Ra7+ Kb6 42. Ra6+ Kb7 43. Rd6 Rb4+ 44. Kg3 Be4 45. Rd7+ Kb6
46. Rd6+ Kc7 47. Rc6+ Kb7 48. Ra6 d4 49. Re6 d3 50. a5 Rxb5 51. Rxe4 Rd5 52. Re1
d2 53. Rd1 Ka6 54. Kf3 Kxa5 55. Ke2 Kb4 56. Rxd2 Rxd2+ 57. Kxd2 Kc4 58. Ke3 Kd5
59. Kf4 Ke6 60. h4 g6 61. g3 Kd5 62. g4 Ke6 63. Ke4 f5+ 64. Kf4 Kf6 65. g5+ Ke6
66. Ke3 Ke5 67. Kf3 f4 68. Ke2 Ke4 69. Kf2 f3 70. Kf1 Kf4 71. Kf2 Kg4 0-1

[Event "Hastings Masters 2016-17"]
[Site "Hastings ENG"]
[Date "2016.12.30"]
[Round "3.1"]
[White "Hansen, Mads"]
[Black "Rasmussen, Allan Stig"]
[Result "1/2-1/2"]
[WhiteTitle "FM"]
[BlackTitle "GM"]
[WhiteElo "2452"]
[BlackElo "2502"]
[WhiteFideId "1401610"]
[BlackFideId "1406000"]
[EventDate "2016.12.28"]

1. e4 c5 2. Nf3 e6 3. d4 cxd4 4. Nxd4 Nc6 5. Nc3 Qc7 6. Be2 a6 7. O-O Nf6 8. Be3
Be7 9. f4 d6 10. Qe1 O-O 11. Qg3 Nxd4 12. Bxd4 b5 13. a3 Bb7 14. Bd3 Rad8 15.
Kh1 Bc6 16. Rae1 Rd7 17. Nd5 exd5 18. exd5 Bxd5 19. Rxe7 Nh5 20. Qg5 Rxe7 21.
Bxh7+ Kxh7 22. Qxh5+ Kg8 23. Bxg7 Kxg7 24. Qg5+ 1/2-1/2

[Event "Hastings Masters 2016-17"]
[Site "Hastings ENG"]
[Date "2016.12.30"]
[Round "3.2"]
[White "Cheng, Bobby"]
[Black "Hebden, Mark L"]
[Result "1/2-1/2"]
[WhiteTitle "IM"]
[BlackTitle "GM"]
[WhiteElo "2446"]
[BlackElo "2492"]
[WhiteFideId "4300033"]
[BlackFideId "400084"]
[EventDate "2016.12.28"]

1. d4 Nf6 2. Bg5 d5 3. Bxf6 exf6 4. e3 Bd6 5. Bd3 f5 6. Ne2 g6 7. O-O Nd7 8. Nd2
Nf6 9. c4 c6 10. h3 O-O 11. a3 a5 12. Qc2 Re8 13. c5 Bc7 14. b4 Ne4 15. b5 Qf6
16. a4 Re7 17. b6 Bd8 18. Nb3 Qh4 19. Qc1 g5 20. f3 Nf6 21. Qd2 Nh5 22. Rf2 g4
23. hxg4 fxg4 24. g3 Nxg3 25. Rh2 Nxe2+ 26. Qxe2 Qg3+ 27. Rg2 Qh3 28. Rh2 Qg3+
29. Rg2 Qh3 30. Rh2 1/2-1/2

[Event "Hastings Masters 2016-17"]
[Site "Hastings ENG"]
[Date "2016.12.30"]
[Round "3.3"]
[White "Marzano, Carlo"]
[Black "Galyas, Miklos"]
[Result "1/2-1/2"]
[BlackTitle "IM"]
[WhiteElo "2186"]
[BlackElo "2473"]
[WhiteFideId "802980"]
[BlackFideId "707244"]
[EventDate "2016.12.28"]

1. d4 d6 2. e4 Nf6 3. Nc3 g6 4. Be3 c6 5. Qd2 b5 6. Bd3 Nbd7 7. Nf3 Qc7 8. O-O
Bg7 9. Bh6 O-O 10. a4 b4 11. Ne2 c5 12. Bxg7 Kxg7 13. Ng3 Rb8 14. Rfe1 cxd4 15.
Nxd4 Nc5 16. b3 Nxd3 17. Qxd3 Qc5 18. Rad1 Bb7 19. Rd2 Rbc8 20. Kh1 Qg5 21. Qe3
Qxe3 22. Rxe3 Rc5 23. Nf3 Rfc8 24. Ne1 a5 25. f3 Ba6 26. Kg1 h5 27. h4 R8c7 28.
Kf2 Nd7 29. Ne2 Bxe2 30. Kxe2 Ne5 31. Kd1 f5 32. exf5 gxf5 33. Nd3 Rc3 34. Nf4
Rxe3 35. Ne6+ Kf7 36. Nxc7 Ng6 37. Nd5 Re5 38. g3 e6 39. Nb6 d5 40. f4 Re3 41.
Rd3 Rxd3+ 42. cxd3 Ke7 43. Nc8+ Kd7 44. Na7 e5 45. fxe5 Nxe5 46. Ke2 f4 47. d4
Ng6 48. Kf3 fxg3 49. Kxg3 Kd6 50. Nb5+ Kd7 51. Na7 Kd6 52. Nb5+ Kd7 1/2-1/2